000 01401nam a22001457a 4500
020 _a978-81-8465-547-6
082 _a248 KOZ
100 _aKozhamthadam, Job
245 _aScience, Mysticism and East-West Dialogue
260 _aDelhi
_bISPCK Publishers
_c2016
300 _a278
500 _aScience-Mysticism Dialogue: A Surer Path to Fullness: Job Kozhamthadam Symbiosis and the Transpersonal Quest for Oneness: Lancy Pereira Inner Net of the Heart: The Fractal nature of Consciousness: Will Keepin Pathway to Reality: N.V. Kulkarni Mysticism and East-West Dialogue on Darwinism: T.D. Singh Science and the Sacred, Silence and Service: Towards a Dialogical Enrichment between Eastern and Western Mysticism: Kuruvilla Pandikattu Self-Organizing Systems and Final Causality: Joseph Bracken The Theory of Evolution: Input for a Teilhardian Mysticism: Kathleen Duffy Mysticism as Re-enchanting the World: Teilhard De Chardin and Albert Einstein: Sarojini Henry Islamic Perspective on Mysticism and Modern Science: Yusuf Amin Modern Science, Mysticism and East-West Dialogue: Tribal Perspective: Nirmal Minz Concept of Reality Aad Guru Granth Sahib and its physical, Metaphysical and Mystical Aspects: Hardev Singh Virk The Puzzle of Experiential Primacy and Consciousness: Sangeetha Menon Engaged Contemplation for a Troubled World: William Grassie
650 _aMysticism
942 _cBK
999 _c20774
_d20774